Encuesta Nacional de Hogares julio 2014: resultados generales /
El texto presenta los resultados generales de la Encuesta Nacional de Hogares realizada en julio de 2014 por el Instituto Nacional de Estadística y Censos (INEC) de Costa Rica. A través de 133 páginas de tablas y gráficos, se analizan diversos aspectos relacionados con la situación de los hogares en...
Gespeichert in:
| Körperschaft: | |
|---|---|
| Format: | Buch |
| Sprache: | Spanish |
| Veröffentlicht: |
San José, Costa Rica:
INEC,
octubre 2014
|
| Schlagworte: | |
| Tags: |
Tag hinzufügen
Keine Tags, Fügen Sie den ersten Tag hinzu!
|
MARC
| LEADER | 00000nam a22000007a 4500 | ||
|---|---|---|---|
| 003 | cru CIDCACS/IIS | ||
| 005 | 20230904113422.0 | ||
| 007 | ta | ||
| 008 | 191205r2014 cr |||p|r|||| 00| 0 spa d | ||
| 040 | |c cru CIDCACS/IIS | ||
| 110 | 2 | |9 5651 |a Instituto Nacional de Estadística y Censos, INEC (Costa Rica) | |
| 245 | 1 | |a Encuesta Nacional de Hogares julio 2014: |b resultados generales / |c INEC | |
| 260 | |a San José, Costa Rica: |b INEC, |c octubre 2014 | ||
| 300 | |a 133 páginas: |b tablas, gráficos | ||
| 520 | |a El texto presenta los resultados generales de la Encuesta Nacional de Hogares realizada en julio de 2014 por el Instituto Nacional de Estadística y Censos (INEC) de Costa Rica. A través de 133 páginas de tablas y gráficos, se analizan diversos aspectos relacionados con la situación de los hogares en el país. El informe aborda temas como la demografía, la educación, el empleo, los ingresos, la vivienda y otros indicadores relevantes para comprender la realidad socioeconómica de Costa Rica. La encuesta proporciona una visión integral de la situación de los hogares en ese momento, permitiendo identificar tendencias, desafíos y áreas de mejora en distintos aspectos de la vida cotidiana de la población. RAR 08/2023 | ||
| 650 | 4 | |2 OCDE |9 4375 |a ENCUESTAS DE HOGARES | |
| 650 | 0 | |2 OCDE |9 2609 |a RESULTADOS DE INVESTIGACION | |
| 650 | 4 | |2 OCDE |9 3428 |a DEMOGRAFIA | |
| 650 | 0 | |2 OCDE |9 944 |a EDUCACION | |
| 650 | 0 | |2 OCDE |9 288 |a EMPLEO | |
| 650 | 0 | |2 OCDE |9 7733 |a INGRESOS | |
| 651 | 1 | 0 | |9 32 |a COSTA RICA |
| 773 | 0 | |0 40460 |9 2922 |a Instituto Nacional de Estadística y Censos, INEC (Costa Rica) |d Costa Rica: INEC, |o 17066 |t Encuesta Nacional de Hogares: |x 22153381 | |
| 942 | |2 ddc |c PP | ||
| 999 | |c 42711 |d 42711 | ||
